000
00276nam a2200109Ia 4500
001
588720
005
20250717120836.0
008
250717s9999 xx 000 0 und d
245
0
_a
Z-1 İSTİKLAL MARŞI YAZILIYOR
_c
SEMA DEVİR
260
_b
ERDEM YAYINLARI
_c
2020
300
_b
95
999
_c
588720
_d
588720